000 00498nam a2200157Ia 4500
008 100204s9999 xx 000 0 und d
082 _b835
100 _aचेस जेम्स हेडले
245 _aतडीपार
260 _b"मनोरंजन प्रकाशन , मुंबई"
_c1979
300 _a172
630 _aतडीपार
700 _aआपटे वामन शिवराम
730 _aतडीपार
942 _cBOOK
999 _c446030
_d446027